| 000 | 00904nas a2200313 4500 | ||
|---|---|---|---|
| 001 | BR2011003511 | ||
| 003 | BR-BrBNA | ||
| 005 | 20231205115041.0 | ||
| 007 | ta | ||
| 008 | 230509b bl.|||p| |||| 00| 00por d | ||
| 040 |
_aBR-BrBNA _bpor _cBiblioteca Nacional de Agricultura |
||
| 041 | _a(Pt) | ||
| 072 | _aM11 | ||
| 100 | 1 | _aLazzari, R. | |
| 100 | 1 | _aRadunz Neto, J. | |
| 100 | 1 | _aCorreia, V. | |
| 100 | 1 | _aVeiverberg, C.A. | |
| 100 | 1 | _aBergamin, G.T. | |
| 100 | 1 | _aEmanuelli, T. | |
| 100 | 1 | _aRibeiro, C.P. | |
| 245 | 1 | _aDensidade de estocagem no crescimento, composição e perfil lipídico corporal do jundiá | |
| 650 | _aBAGRE | ||
| 650 | _aÁCIDO GRAXO | ||
| 650 | _aCRIAÇÃO | ||
| 650 | _aBIOMASSA | ||
| 773 | 0 |
_tCiência Rural (Brazil) _xISSN 0103-8478 _g(Apr 2011), v. 41(4) p. 712-718 _wBR2011003511 |
|
| 909 |
_a202311 _bLúcia _c55 _dLúcia Elande |
||
| 942 |
_2AGRIS _n0 _cANA |
||
| 999 |
_c211841 _d211841 |
||